000 00820cam a22002531 4500
001 10630
003 BD-RjUL
005 20211208235004.0
008 140125r19631962txua 001 0 eng
035 _a(BD-RjUL)10678
040 _aDLC
_cDLC
_dDLC
_dBD-RjUL
_beng
041 _aeng
082 0 0 _a551.21
_bBUV
100 1 _aBullard, Fred M.
_qFred Mason),
_d1901-
_932867
245 0 0 _aVolcanoes in history, in theory, in eruption /
_cFred M. Bullard.
260 _a[Austin] :
_bUniversity of Texas Press,
_cc1962 [1962, 1963].
300 _axvi, 441 p. :
_billus. ;
_c24 cm.
500 _aRev. ed. published in 1976 under title: Volcanoes of the Earth.
504 _aIncludes bibliographical references and index.
650 0 _aVolcanoes.
_932868
942 _2ddc
_cBK
999 _c10630
_d10630